000 00326nam a22001457a 4500
008 230703b ||||| |||| 00| 0 eng d
020 _a9780471022055
041 _aeng
080 _a575
082 _a575MAT
100 _a13
101 _aBIOKIMI
245 _aBIOCHENISTRY A SHORT COURSE
_cMATTHEWS.R.H
942 _2udc
_cBK
999 _c60087
_d60087